The true guidance (Record no. 2323)

MARC details
000 -LEADER
fixed length control field 00553nam a2200181Ia 4500
003 - CONTROL NUMBER IDENTIFIER
control field GBCCL
005 - DATE AND TIME OF LATEST TRANSACTION
control field 20241126110426.0
008 - FIXED-LENGTH DATA ELEMENTS--GENERAL INFORMATION
fixed length control field 170803b xxu||||| |||| 00| 0 eng d
040 ## - CATALOGING SOURCE
Transcribing agency gbc
082 ## - DEWEY DECIMAL CLASSIFICATION NUMBER
Classification number 221.067
Item number TRU
245 ## - TITLE STATEMENT
Title The true guidance
260 ## - PUBLICATION, DISTRIBUTION, ETC.
Name of publisher, distributor, etc. light of life ,
Place of publication, distribution, etc. Austria :
Date of publication, distribution, etc. 1992
300 ## - PHYSICAL DESCRIPTION
Extent 346p.
505 ## - FORMATTED CONTENTS NOTE
Formatted contents note v.2- False charges against the Old Testament, v.4 An introduction to Quranic studies, v.5 Comments on Quranic verses
630 ## - SUBJECT ADDED ENTRY--UNIFORM TITLE
Uniform title Bible
9 (RLIN) 599
650 ## - SUBJECT ADDED ENTRY--TOPICAL TERM
Topical term or geographic name entry element O.T.
Form subdivision historical criticism
9 (RLIN) 4809
942 ## - ADDED ENTRY ELEMENTS (KOHA)
Edition 1ST ED
Source of classification or shelving scheme Dewey Decimal Classification
Koha item type Books
Koha issues (borrowed), all copies 1
Holdings
Withdrawn status Lost status Source of classification or shelving scheme Damaged status Not for loan Home library Current Library Shelving location Date acquired Total checkouts Full call number Barcode Date last seen Date last checked out Copy number Price effective from Koha item type
    Dewey Decimal Classification     GRACE BIBLE COLLEGE GRACE BIBLE COLLEGE Biblical Studies 2017-08-03 1 221.067 TRU 005626 2025-05-01 2023-08-18 v.2 2017-08-03 Books
    Dewey Decimal Classification     GRACE BIBLE COLLEGE GRACE BIBLE COLLEGE Biblical Studies 2017-08-03   221.067 TRU 005629 2025-05-01   v.5 2017-08-03 Books
    Dewey Decimal Classification     GRACE BIBLE COLLEGE GRACE BIBLE COLLEGE Biblical Studies 2018-08-01   221.067 TRU 005628 2025-05-01   v.4 2018-08-01 Books
    Dewey Decimal Classification     GRACE BIBLE COLLEGE GRACE BIBLE COLLEGE Biblical Studies 2018-08-07   221.067 TRU 002576 2025-05-01   v.1 2018-08-07 Books
    Dewey Decimal Classification     GRACE BIBLE COLLEGE GRACE BIBLE COLLEGE Biblical Studies 2018-08-16   221.067 TRU 002662 2025-05-01   v.3 2018-08-16 Books
© Grace Bible College Library 2025